| 000 | 00437 a2200169 4500 | ||
|---|---|---|---|
| 082 | _a621.35502 CFT | ||
| 090 |
_c39713 _d39713 |
||
| 100 | _aCFT PAF Academy Risalpur | ||
| 245 |
_aElectronic Warfare Precis _hEnglish |
||
| 250 | _a1 | ||
| 260 |
_aRisalpur _bCFT PAFA _c09-05-2011 |
||
| 300 |
_avi 288 _bPhotocopy (HB) |
||
| 500 | _aDOS BS Textbooks | ||
| 505 | _aAHQ Books | ||
| 520 | _aDOS Precis | ||
| 942 |
_aCAENUST _k621.35502 CFT |
||
| 999 |
_c473118 _d473118 |
||